Luz desde el dolor y la esperanza : (Registro nro. 15454)

Detalles MARC
000 -CABECERA
campo de control de longitud fija 02121nam a2200385 i 4500
003 - IDENTIFICADOR DEL NÚMERO DE CONTROL
campo de control DO-SdBPM
005 - FECHA Y HORA DE LA ÚLTIMA TRANSACCIÓN
campo de control 20251016123941.0
007 - CAMPO FIJO DE DESCRIPCIÓN FÍSICA--INFORMACIÓN GENERAL
campo de control de longitud fija ta
008 - DATOS DE LONGITUD FIJA--INFORMACIÓN GENERAL
campo de control de longitud fija 250410b2024 dr | 00| 0 spa d
020 ## - NÚMERO INTERNACIONAL ESTÁNDAR DEL LIBRO
Número Internacional Estándar del Libro 9789945510768
040 ## - FUENTE DE LA CATALOGACIÓN
Centro catalogador/agencia de origen DO-SdBPM
Lengua de catalogación spa
Centro/agencia transcriptor BPMSU
Normas de descripción rda
Centro/agencia modificador
041 ## - CÓDIGO DE LENGUA
Código de lengua del texto/banda sonora o título independiente spa
082 #4 - NÚMERO DE LA CLASIFICACIÓN DECIMAL DEWEY
Número de clasificación 891.81
Número de documento/Ítem L979d 2024
Número de edición 22
245 04 - MENCIÓN DE TÍTULO
Título Luz desde el dolor y la esperanza :
Resto del título relatos de narradores búlgaros /
Mención de responsabilidad, etc. selección y prólogo de Hristo Slavov ; traducción de María Vútova ; presentación Ángela Hernández Núñez ; corrección María del Carmen Vicente, Apolinar Liz Rodríguez y Modesto Cuesta.
250 ## - MENCIÓN DE EDICIÓN
Mención de edición Primera edición
264 #4 - PRODUCCIÓN, PUBLICACIÓN, DISTRIBUCIÓN, FABRICACIÓN Y COPYRIGHT
Producción, publicación, distribución, fabricación y copyright Santo Domingo, República Dominicana :
Nombre del de productor, editor, distribuidor, fabricante Editora Nacional,
Fecha de producción, publicación, distribución, fabricación o copyright ©2024
300 ## - DESCRIPCIÓN FÍSICA
Extensión 162 páginas :
Dimensiones 23 cm.
336 ## - TIPO DE CONTENIDO
Término de tipo de contenido texto
Código de tipo de contenido txt
Fuente rdacontent
337 ## - TIPO DE MEDIO
Nombre/término del tipo de medio sin mediación
Código del tipo de medio n
Fuente rdamedia
338 ## - TIPO DE SOPORTE
Nombre/término del tipo de soporte volumen
Código del tipo de soporte nc
Fuente rdacarrier
500 ## - NOTA GENERAL
Nota general Incluye datos biográficos de los autores
505 0# - NOTA DE CONTENIDO CON FORMATO
Nota de contenido con formato Presentación / Ángela Hernández Núñez 9 -- Prólogo 13 -- ¿Ya viene? 17 -- Las campanas enmudecidas 27 -- Siguiendo el cable 33 -- Dedico 41 -- La dama de los ojos de rayos x 47 -- Águilas 57 -- Noches de lobo 65 -- El cuerno de cabra 73 -- Marzo 83 -- La ocarina rota 91 -- Mata a la mosca 95 -- Retrato para la eternidad 105 -- El anticuario 113 -- Concierto 117 -- Sopa de rosas 123 -- Qué pájaro ni qué pájaro 129 -- El rostro de mi abuela 133 -- Alguien sacará una extraña conclusión 139 -- Sangre de topo 145 -- Datos biográficos de los autores 149.
590 ## - NOTA LOCAL (RLIN)
Nota local Inventariado, 2025 /VM
650 #7 - PUNTO DE ACCESO ADICIONAL DE MATERIA--TÉRMINO DE MATERIA
Término de materia o nombre geográfico como elemento de entrada Cuentos búlgaros
650 #7 - PUNTO DE ACCESO ADICIONAL DE MATERIA--TÉRMINO DE MATERIA
Término de materia o nombre geográfico como elemento de entrada Literatura búlgara
650 #7 - PUNTO DE ACCESO ADICIONAL DE MATERIA--TÉRMINO DE MATERIA
Término de materia o nombre geográfico como elemento de entrada Autores Búlgaros
Subdivisión de forma Biografías
700 1# - PUNTO DE ACCESO ADICIONAL--NOMBRE DE PERSONA
Nombre de persona Slavov, Hristo,
Término indicativo de función/relación prologuista
Código de función/relación pr.
700 1# - PUNTO DE ACCESO ADICIONAL--NOMBRE DE PERSONA
Nombre de persona Vútova, María,
Término indicativo de función/relación traductor
Código de función/relación tr.
700 1# - PUNTO DE ACCESO ADICIONAL--NOMBRE DE PERSONA
Nombre de persona Vicente, María del Carmen,
Término indicativo de función/relación corrección
Código de función/relación corr.
700 1# - PUNTO DE ACCESO ADICIONAL--NOMBRE DE PERSONA
Nombre de persona Liz Rodríguez, Apolinar,
Término indicativo de función/relación corrección
Código de función/relación corr.
700 1# - PUNTO DE ACCESO ADICIONAL--NOMBRE DE PERSONA
Nombre de persona Cuesta, Modesto,
Término indicativo de función/relación corrección
Código de función/relación corr.
710 2# - PUNTO DE ACCESO ADICIONAL--NOMBRE DE ENTIDAD CORPORATIVA
Nombre de entidad corporativa o nombre de jurisdicción como elemento de entrada Ministerio de Cultura de la República Dominicana
910 ## - DATOS DE OPCIÓN DEL USUARIO (OCLC)
Datos de opción del usuario VMateo V. Control de calidad. BPMSU
942 ## - ELEMENTOS DE PUNTO DE ACCESO ADICIONAL (KOHA)
Fuente del sistema de clasificación o colocación Dewey Decimal Classification
Tipo de ítem Koha Libros
Existencias
Estado de retiro Estado de pérdida Fuente del sistema de clasificación o colocación No para préstamo Código de colección Localización permanente Ubicación/localización actual Fecha de adquisición Total de préstamos Signatura topográfica completa Código de barras Fecha visto por última vez Precio válido a partir de Tipo de ítem Koha
    Dewey Decimal Classification   Colección Dominicana Biblioteca Pública Metropolitana Salomé Ureña Biblioteca Pública Metropolitana Salomé Ureña 10/16/2025   BPMSU CD 891.81 L979d 2024 BPMSU25100063 10/16/2025 10/16/2025 Libros